[Event "DEM U14 2005"]
[Site "Willingen GER"]
[Date "2005.05.17"]
[Round "4"]
[White "Hirneise, Jens"]
[Black "Heimann, Andreas"]
[Result "0-1"]
[Termination "normal"]
[Board "6"]
[WhiteElo "1958"]
[BlackElo "2119"]
[PlyCount "46"]
[WhiteFideId "24614734"]
[BlackFideId "24624632"]
[EventCountry "GER"]
[EventRounds "9"]
[EventType "swiss"]
[EventDate "2005.05.15"]

1. e4 e5 2. Nf3 Nc6 3. d4 exd4 4. Nxd4 Bc5 5. Be3 Qf6 6. c3 Nge7 7. Bc4 b6 8.
O-O Bb7 9. Nc2 Ne5 10. Bd3 O-O-O 11. Bxc5 bxc5 12. f4 Nxd3 13. Qxd3 Qg6 14. f5
Qc6 15. Nd2 d5 16. Qh3 Kb8 17. Rfe1 dxe4 18. Nxe4 Nd5 19. Qg3 g6 20. Qf2 gxf5
21. Nxc5 Nf4 22. Nxb7 Rdg8 23. Kf1 Qc4+ 0-1

[Event "DEM U14 2005"]
[Site "Willingen GER"]
[Date "2005.05.17"]
[Round "4"]
[White "Seyb, Alexander"]
[Black "Nuber, Blasius"]
[Result "1-0"]
[Termination "normal"]
[Board "7"]
[WhiteElo "2061"]
[BlackElo "1996"]
[PlyCount "37"]
[WhiteFideId "4699033"]
[BlackFideId "24620289"]
[EventCountry "GER"]
[EventRounds "9"]
[EventType "swiss"]
[EventDate "2005.05.15"]

1. e4 Nf6 2. Nc3 d5 3. e5 d4 4. Nce2 d3 5. exf6 dxe2 6. Nxe2 exf6 7. d4 Nc6 8.
Bf4 Bd6 9. c3 O-O 10. Qd2 Bf5 11. O-O-O a5 12. Ng3 Bg6 13. h4 Bxf4 14. Qxf4 h6
15. Bd3 Bxd3 16. Rxd3 Qd5 17. Nf5 Kh7 18. Rg3 Rg8 19. Rxg7+ 1-0

[Event "DEM U14 2005"]
[Site "Willingen GER"]
[Date "2005.05.17"]
[Round "4"]
[White "Schubert, Sven"]
[Black "Savchenko, Aleksij"]
[Result "1/2-1/2"]
[Termination "normal"]
[Board "8"]
[WhiteElo "1788"]
[BlackElo "2026"]
[PlyCount "83"]
[WhiteFideId "24630551"]
[BlackFideId "24611727"]
[EventCountry "GER"]
[EventRounds "9"]
[EventType "swiss"]
[EventDate "2005.05.15"]

1. e4 c5 2. Nc3 a6 3. g3 b5 4. Bg2 Bb7 5. d3 e6 6. f4 b4 7. Nce2 d5 8. e5 Nc6
9. Nf3 Nge7 10. O-O d4 11. Ng5 Nd5 12. Kh1 Nce7 13. g4 Ne3 14. Bxe3 Bxg2+ 15.
Kxg2 dxe3 16. Ng3 Nd5 17. Qf3 Be7 18. N5e4 Qb6 19. Nh5 O-O-O 20. Rab1 c4 21.
dxc4 e2 22. Rfe1 Ne3+ 23. Kh1 Nxc2 24. Rxe2 Nd4 25. Qe3 Qa5 26. Rd2 Qxa2 27.
Rbd1 Nc6 28. Qb6 Qxc4 29. Nd6+ Bxd6 30. exd6 Rd7 31. b3 Qb5 32. Qxb5 axb5 33.
Nxg7 Rg8 34. Nh5 Rxg4 35. Nf6 Rxf4 36. Nxd7 Kxd7 37. Kg2 f5 38. Rd3 Rg4+ 39.
Kh1 h5 40. h3 Rh4 41. Kg2 Re4 42. Kf2 1/2-1/2

[Event "DEM U14 2005"]
[Site "Willingen GER"]
[Date "2005.05.17"]
[Round "4"]
[White "Eibl, Maximilian"]
[Black "Korman, Maxim"]
[Result "0-1"]
[Termination "normal"]
[Board "9"]
[WhiteElo "1843"]
[BlackElo "1999"]
[PlyCount "84"]
[WhiteFideId "24620092"]
[BlackFideId "24619787"]
[EventCountry "GER"]
[EventRounds "9"]
[EventType "swiss"]
[EventDate "2005.05.15"]

1. e4 e6 2. d4 d5 3. Nc3 Bb4 4. e5 c5 5. dxc5 Bxc3+ 6. bxc3 Qc7 7. Nf3 Qxc5 8.
Bd3 Qxc3+ 9. Bd2 Qc7 10. O-O Ne7 11. Bb4 b6 12. Bd6 Qd7 13. Nd4 Ba6 14. f4 g6
15. g4 Bxd3 16. Qxd3 a6 17. Bxb8 Rxb8 18. Qxa6 Nc6 19. Qd3 Nxd4 20. Qxd4 O-O
21. f5 Qc7 22. Rf2 Qc4 23. Qxc4 dxc4 24. fxe6 fxe6 25. Rxf8+ Kxf8 26. Kf2 Rd8
27. Re1 Ra8 28. Ra1 Ra5 29. Kf3 Rxe5 30. Rb1 b5 31. c3 Rd5 32. h4 Ke7 33. Ke4
Kd6 34. a4 bxa4 35. Rb6+ Kd7 36. Ra6 Rd3 37. Rxa4 Rg3 38. Kf4 Rxc3 39. Ra7+ Kd6
40. Rxh7 Rc1 41. Rg7 c3 42. Ke3 Rd1 0-1

[Event "DEM U14 2005"]
[Site "Willingen GER"]
[Date "2005.05.17"]
[Round "4"]
[White "Schätz, Christopher"]
[Black "Colpe, Malte"]
[Result "1-0"]
[Termination "normal"]
[Board "10"]
[WhiteElo "1749"]
[BlackElo "1962"]
[PlyCount "41"]
[WhiteFideId "24623997"]
[BlackFideId "24623075"]
[EventCountry "GER"]
[EventRounds "9"]
[EventType "swiss"]
[EventDate "2005.05.15"]

1. e4 e5 2. f4 d5 3. exd5 e4 4. d3 Nf6 5. Nd2 Qxd5 6. dxe4 Nxe4 7. Qf3 Nf6 8.
Bc4 Qc5 9. Qe2+ Be7 10. Nb3 Qd6 11. Nf3 O-O 12. O-O c6 13. Re1 Bd8 14. Be3 Bb6
15. Bxb6 axb6 16. Rad1 Qxf4 17. Qe7 Nbd7 18. Rd4 Qc7 19. Ne5 b5 20. Bxf7+ Kh8
21. Rh4 1-0

[Event "DEM U14 2005"]
[Site "Willingen GER"]
[Date "2005.05.17"]
[Round "4"]
[White "Zahn, Benno"]
[Black "Strathoff, Jens"]
[Result "0-1"]
[Termination "normal"]
[Board "11"]
[WhiteElo "1677"]
[BlackElo "1805"]
[PlyCount "118"]
[WhiteFideId "24636070"]
[BlackFideId "4699084"]
[EventCountry "GER"]
[EventRounds "9"]
[EventType "swiss"]
[EventDate "2005.05.15"]

1. d4 d5 2. c4 e6 3. Nc3 Nf6 4. Bg5 Nbd7 5. Nf3 c6 6. e3 Be7 7. Qc2 O-O 8. cxd5
exd5 9. Bd3 h6 10. Bh4 Re8 11. O-O Ne4 12. Bxe7 Qxe7 13. Nd2 Ndf6 14. Rae1 Nxd2
15. Qxd2 Ne4 16. Qc2 Nxc3 17. bxc3 Qg5 18. e4 dxe4 19. Bxe4 Be6 20. Re2 Bc4 21.
Bd3 Rxe2 22. Bxe2 Bxe2 23. Qxe2 Re8 24. g3 Qa5 25. Qc4 Qf5 26. Qb4 b6 27. Qa4
Qd7 28. Rd1 Re7 29. c4 g6 30. Kg2 Kg7 31. d5 cxd5 32. Qxd7 Rxd7 33. cxd5 Kf6
34. f4 Ke7 35. Kf3 Kd6 36. Rd2 Rc7 37. g4 b5 38. h4 a5 39. Rd3 Rc5 40. Ke4 Rc1
41. g5 h5 42. Kd4 Rf1 43. Ke4 Rc1 44. a3 Rc4+ 45. Ke3 b4 46. axb4 Rxb4 47. Rc3
Rb6 48. Kd4 a4 49. Rc4 Ra6 50. Rc2 a3 51. Ra2 Ra4+ 52. Kc3 Rxf4 53. Kb3 Rf3+
54. Kc4 Rh3 55. Rf2 Rxh4+ 56. Kb3 Rg4 57. Rxf7 Rxg5 58. Kxa3 Kxd5 59. Ra7 Rg3+
0-1

[Event "DEM U14 2005"]
[Site "Willingen GER"]
[Date "2005.05.17"]
[Round "4"]
[White "Rath, Oliver"]
[Black "Jacobi, Robin"]
[Result "1/2-1/2"]
[Termination "normal"]
[Board "12"]
[WhiteElo "1717"]
[BlackElo "1622"]
[PlyCount "103"]
[WhiteFideId "24610380"]
[BlackFideId "24646962"]
[EventCountry "GER"]
[EventRounds "9"]
[EventType "swiss"]
[EventDate "2005.05.15"]

1. d4 Nf6 2. c4 g6 3. Nc3 d5 4. Nf3 Bg7 5. g3 c5 6. dxc5 Qa5 7. cxd5 Nxd5 8.
Qxd5 Bxc3+ 9. Bd2 Bxd2+ 10. Nxd2 O-O 11. Bg2 Rd8 12. Qg5 Nc6 13. Bxc6 bxc6 14.
Qe3 Rb8 15. Qc3 Qxc3 16. bxc3 Rb2 17. Nb3 e5 18. O-O Rxe2 19. Rfe1 Rxe1+ 20.
Rxe1 f6 21. Kg2 Be6 22. h4 Rb8 23. Na5 Bd5+ 24. Kg1 Rb5 25. c4 Rxa5 26. cxd5
Rxc5 27. dxc6 Rxc6 28. Re2 Kf7 29. Rb2 Rc7 30. Kg2 Ke6 31. Rb5 Rc6 32. Ra5 a6
33. Kf3 h6 34. g4 h5 35. gxh5 gxh5 36. a3 Kf5 37. Kg3 Ke6 38. f3 f5 39. Ra4 f4+
40. Kf2 Kf5 41. Kg2 Rc2+ 42. Kf1 Rc3 43. Kf2 Rc6 44. Kg2 Re6 45. Kf2 Kg6 46.
Ke2 Kf6 47. Kf2 Ke7 48. Ke2 Kf6 49. Kf2 Rb6 50. Ke2 Rb2+ 51. Kf1 Rb6 52. Ke2
1/2-1/2

[Event "DEM U14 2005"]
[Site "Willingen GER"]
[Date "2005.05.17"]
[Round "4"]
[White "Bart, Simon"]
[Black "Brüggemann, Florian"]
[Result "1/2-1/2"]
[Termination "normal"]
[Board "13"]
[WhiteElo "1474"]
[BlackElo "1626"]
[PlyCount "106"]
[WhiteFideId "24637327"]
[BlackFideId "24645567"]
[EventCountry "GER"]
[EventRounds "9"]
[EventType "swiss"]
[EventDate "2005.05.15"]

1. e4 c5 2. Nf3 Nc6 3. d4 cxd4 4. Nxd4 d6 5. Nc3 g6 6. Bc4 Bg7 7. Be3 Nf6 8. h3
a6 9. O-O O-O 10. Qd2 Bd7 11. Nf3 Qc8 12. Rad1 Bxh3 13. gxh3 Qxh3 14. Nh2 Ne5
15. Be2 b5 16. Bf4 Neg4 17. f3 Nxh2 18. Bxh2 Nd7 19. Nd5 Qh4 20. Nxe7+ Qxe7 21.
Bxd6 Qe6 22. Bxf8 Nxf8 23. b3 a5 24. Kg2 b4 25. Qd5 Rc8 26. Bc4 a4 27. Qb7 Rxc4
28. bxc4 Qxc4 29. Qd5 Qxc2+ 30. Rd2 Qc3 31. Qd3 Ne6 32. Qxc3 Bxc3 33. Rd7 b3
34. axb3 axb3 35. Rb1 Nc5 36. Rc7 Bd4 37. Rxc5 Bxc5 38. Rxb3 Kg7 39. Rb5 Bd6
40. Kh3 h5 41. Kh4 Kh6 42. Rb7 f6 43. Rb5 g5+ 44. Kh3 Kg6 45. Kg2 g4 46. Rf5
Be5 47. Kf2 g3+ 48. Kg2 h4 49. Kh3 Bd4 50. Rf4 Bf2 51. Rxh4 f5 52. exf5+ Kxf5
53. Rg4 Ke5 1/2-1/2

[Event "DEM U14 2005"]
[Site "Willingen GER"]
[Date "2005.05.17"]
[Round "4"]
[White "Fernschild, Daniel"]
[Black "Völsgen, Georg"]
[Result "0-1"]
[Termination "normal"]
[Board "14"]
[WhiteElo "1581"]
[BlackElo "1562"]
[PlyCount "100"]
[WhiteFideId "4624513"]
[BlackFideId "24635901"]
[EventCountry "GER"]
[EventRounds "9"]
[EventType "swiss"]
[EventDate "2005.05.15"]

1. e4 e5 2. Nf3 Nc6 3. Bc4 Bc5 4. d3 Nf6 5. Be3 Bb6 6. O-O d6 7. Nbd2 O-O 8.
Re1 Bg4 9. c3 Bxe3 10. Rxe3 Na5 11. b4 Nxc4 12. Nxc4 Bh5 13. h3 Re8 14. Qb3 h6
15. Rae1 Qd7 16. Kh1 Re6 17. Nh4 Nh7 18. Rg3 Rae8 19. Ree3 Rf6 20. Qc2 Rf4 21.
Nf5 Bg6 22. Rg4 Bxf5 23. exf5 Rxf5 24. Reg3 Rg5 25. Qd2 Rxg4 26. Rxg4 Re6 27.
Ne3 Rf6 28. Nd5 Re6 29. Kg1 Nf6 30. Nxf6+ Rxf6 31. d4 Qf5 32. d5 Rg6 33. Rxg6
Qxg6 34. Kh2 Qe4 35. Kg3 h5 36. Qg5 f6 37. Qe3 h4+ 38. Kh2 Qxe3 39. fxe3 f5 40.
g3 g5 41. gxh4 gxh4 42. Kg2 e4 43. b5 Kf7 44. a4 b6 45. Kf2 Kf6 46. Ke2 Ke5 47.
c4 f4 48. exf4+ Kxf4 49. Kf2 e3+ 50. Ke2 Ke4 0-1

[Event "DEM U14 2005"]
[Site "Willingen GER"]
[Date "2005.05.17"]
[Round "5"]
[White "Huschenbeth, Niclas"]
[Black "Bogner, Sebastian"]
[Result "1/2-1/2"]
[Termination "normal"]
[Board "1"]
[WhiteElo "2115"]
[BlackElo "2409"]
[PlyCount "49"]
[WhiteFideId "24604747"]
[BlackFideId "4692055"]
[EventCountry "GER"]
[EventRounds "9"]
[EventType "swiss"]
[EventDate "2005.05.15"]

1. e4 c5 2. Nf3 d6 3. d4 cxd4 4. Nxd4 Nf6 5. Nc3 a6 6. Bc4 e6 7. Bb3 Nbd7 8. f4
Nc5 9. O-O Nfxe4 10. Nxe4 Nxe4 11. f5 e5 12. Qh5 d5 13. Re1 Bc5 14. Rxe4 Bxd4+
15. Be3 Qd7 16. Rxd4 exd4 17. Bxd4 O-O 18. Rf1 f6 19. Qf3 Kh8 20. Bxd5 Qc7 21.
c4 Bd7 22. Bxb7 Qxc4 23. Bxa8 Qxd4+ 24. Kh1 Qxb2 25. Bd5 1/2-1/2

[Event "DEM U14 2005"]
[Site "Willingen GER"]
[Date "2005.05.17"]
[Round "5"]
[White "Fink, Leander"]
[Black "Geske, Julian"]
[Result "1/2-1/2"]
[Termination "normal"]
[Board "2"]
[WhiteElo "1967"]
[BlackElo "2047"]
[PlyCount "45"]
[WhiteFideId "24605247"]
[BlackFideId "24605263"]
[EventCountry "GER"]
[EventRounds "9"]
[EventType "swiss"]
[EventDate "2005.05.15"]

1. e4 e5 2. Nf3 Nc6 3. Nc3 Nf6 4. a3 d5 5. Bb5 d4 6. Ne2 Bd6 7. d3 O-O 8. O-O
a6 9. Bxc6 bxc6 10. Nexd4 exd4 11. e5 Be7 12. exf6 Bxf6 13. Nd2 Be6 14. Nc4 Rb8
15. b3 Qd7 16. Bf4 Bd5 17. Qd2 Be7 18. Qa5 Bd6 19. Nxd6 cxd6 20. Qxa6 Ra8 21.
Qb6 Rfb8 22. Qxd4 Bxg2 23. Kxg2 1/2-1/2

[Event "DEM U14 2005"]
[Site "Willingen GER"]
[Date "2005.05.17"]
[Round "5"]
[White "Korman, Maxim"]
[Black "Jorczik, Julian"]
[Result "1/2-1/2"]
[Termination "normal"]
[Board "3"]
[WhiteElo "1999"]
[BlackElo "2162"]
[PlyCount "82"]
[WhiteFideId "24619787"]
[BlackFideId "24611719"]
[EventCountry "GER"]
[EventRounds "9"]
[EventType "swiss"]
[EventDate "2005.05.15"]

1. e4 e6 2. d4 d5 3. Nc3 Bb4 4. e5 c5 5. Bd2 cxd4 6. Nb5 Be7 7. Qg4 Kf8 8. Nxd4
Nc6 9. Ngf3 Qb6 10. Nxc6 bxc6 11. Bd3 Ba6 12. O-O h5 13. Qa4 Bb5 14. Bxb5 cxb5
15. Qf4 a5 16. Be3 Qa6 17. h3 Rc8 18. Nd4 Nh6 19. g4 g5 20. Qg3 hxg4 21. hxg4
Ke8 22. Kg2 Kd7 23. Rh1 Rc4 24. f4 f6 25. exf6 Bd6 26. Rad1 Qa8 27. Qf3 gxf4
28. Bxf4 Nf7 29. Bxd6 Nxd6 30. c3 Rxh1 31. Rxh1 Qg8 32. Qh3 Nf7 33. b3 Rc8 34.
Kf1 b4 35. Qe3 Qxg4 36. Rh7 Rf8 37. Nf3 Ke8 38. Qe2 Kd8 39. Qe3 Ke8 40. Qe2 Kd8
41. Qe3 Ke8 1/2-1/2

[Event "DEM U14 2005"]
[Site "Willingen GER"]
[Date "2005.05.17"]
[Round "5"]
[White "Kim, Oi-sin"]
[Black "Müller, Reinhold"]
[Result "1/2-1/2"]
[Termination "normal"]
[Board "4"]
[WhiteElo "2056"]
[BlackElo "2122"]
[PlyCount "115"]
[WhiteFideId "24605778"]
[BlackFideId "24605875"]
[EventCountry "GER"]
[EventRounds "9"]
[EventType "swiss"]
[EventDate "2005.05.15"]

1. e4 c5 2. Nf3 d6 3. d4 cxd4 4. Nxd4 Nf6 5. Nc3 g6 6. Be3 Bg7 7. f3 O-O 8. Qd2
Nc6 9. Bc4 Bd7 10. O-O-O Rc8 11. Bb3 Ne5 12. h4 Nc4 13. Bxc4 Rxc4 14. Nde2 Re8
15. e5 dxe5 16. Bg5 Rc7 17. Bxf6 exf6 18. Nb5 Rc5 19. Nd6 Bf5 20. Nxe8 Qxe8 21.
Nc3 Qc6 22. g4 Be6 23. Qd8+ Bf8 24. Qxf6 Rxc3 25. bxc3 Ba3+ 26. Kd2 Qc5 27.
Qd8+ Kg7 28. Qd3 Bb2 29. Rh2 Bc4 30. Qe3 Qd5+ 31. Ke1 Qa5 32. h5 Qxc3+ 33. Qxc3
Bxc3+ 34. Kf2 Bxa2 35. h6+ Kf6 36. Rd8 Kg5 37. Rh8 e4 38. Rxh7 Bd4+ 39. Kg2
exf3+ 40. Kxf3 Bd5+ 41. Ke2 Kxg4 42. Kd3 Bf6 43. Rf2 Kg5 44. Rxf6 Kxf6 45. Rh8
Be6 46. Rg8 g5 47. h7 Bf5+ 48. Ke3 Bxh7 49. Rb8 Bxc2 50. Rxb7 a5 51. Rb6+ Kg7
52. Rb5 Kh6 53. Rxa5 f5 54. Rc5 f4+ 55. Kd4 Bd1 56. Ke4 Bh5 57. Kf5 Be8 58. Rc3
1/2-1/2

[Event "DEM U14 2005"]
[Site "Willingen GER"]
[Date "2005.05.17"]
[Round "5"]
[White "Heimann, Andreas"]
[Black "Kaczmarczyk, Dennis"]
[Result "1-0"]
[Termination "normal"]
[Board "5"]
[WhiteElo "2119"]
[BlackElo "1986"]
[PlyCount "75"]
[WhiteFideId "24624632"]
[BlackFideId "24608297"]
[EventCountry "GER"]
[EventRounds "9"]
[EventType "swiss"]
[EventDate "2005.05.15"]

1. e4 e6 2. d4 d5 3. Nc3 Bb4 4. e5 c5 5. a3 Ba5 6. Bd2 Nc6 7. Nb5 Bxd2+ 8. Qxd2
Nxd4 9. Nxd4 cxd4 10. Nf3 Ne7 11. Qxd4 Qc7 12. Bd3 Bd7 13. O-O Nc6 14. Qe3
O-O-O 15. Rfe1 f6 16. Bb5 Nxe5 17. Bxd7+ Rxd7 18. Nxe5 fxe5 19. Qxa7 e4 20. Re3
Qb8 21. Rc3+ Rc7 22. Qd4 Rxc3 23. Qxg7 Rxc2 24. Qxh8+ Kc7 25. Qe5+ Kc8 26.
Qxe6+ Kc7 27. Qxd5 Qf8 28. Qd4 Qf4 29. Rd1 Kb8 30. h3 Rc1 31. g3 Rxd1+ 32. Qxd1
Qe5 33. Qd2 Qe6 34. Kg2 h5 35. Qd8+ Ka7 36. Qa5+ Kb8 37. Qxh5 e3 38. Qh8+ 1-0

[Event "DEM U14 2005"]
[Site "Willingen GER"]
[Date "2005.05.17"]
[Round "5"]
[White "Zehnter, Sebastian"]
[Black "Seyb, Alexander"]
[Result "1/2-1/2"]
[Termination "normal"]
[Board "6"]
[WhiteElo "2033"]
[BlackElo "2061"]
[PlyCount "30"]
[WhiteFideId "24608670"]
[BlackFideId "4699033"]
[EventCountry "GER"]
[EventRounds "9"]
[EventType "swiss"]
[EventDate "2005.05.15"]

1. e4 c5 2. Nf3 d6 3. d4 cxd4 4. Qxd4 e5 5. Bb5+ Nd7 6. Qd1 Ngf6 7. Nc3 Be7 8.
Bg5 O-O 9. O-O Nb6 10. Qe2 Be6 11. Rfd1 a6 12. Bd3 Qc7 13. Nd2 h6 14. Bxf6 Bxf6
15. a4 Rad8 1/2-1/2

[Event "DEM U14 2005"]
[Site "Willingen GER"]
[Date "2005.05.17"]
[Round "5"]
[White "Savchenko, Aleksij"]
[Black "Schätz, Christopher"]
[Result "1/2-1/2"]
[Termination "normal"]
[Board "7"]
[WhiteElo "2026"]
[BlackElo "1749"]
[PlyCount "64"]
[WhiteFideId "24611727"]
[BlackFideId "24623997"]
[EventCountry "GER"]
[EventRounds "9"]
[EventType "swiss"]
[EventDate "2005.05.15"]

1. d4 d5 2. c4 dxc4 3. Nf3 a6 4. e3 Nf6 5. Bxc4 e6 6. O-O c5 7. a4 b6 8. Qe2
Bb7 9. Rd1 Qc7 10. Nc3 cxd4 11. exd4 Be7 12. Ne5 O-O 13. Bf4 Bd6 14. Bg5 Nd5
15. Rac1 Nxc3 16. Rxc3 Bxe5 17. dxe5 Nc6 18. Rd6 Rac8 19. f4 Qb8 20. Qh5 Nb4
21. Bf6 gxf6 22. Rg3+ Kh8 23. Rh3 Be4 24. Rd4 Bf5 25. g4 Rg8 26. Rg3 Rxg4 27.
Rxg4 Bxg4 28. Qh4 fxe5 29. Qf6+ Kg8 30. fxe5 Bf5 31. Rd7 Rf8 32. Bxe6 Bxe6
1/2-1/2

[Event "DEM U14 2005"]
[Site "Willingen GER"]
[Date "2005.05.17"]
[Round "5"]
[White "Strathoff, Jens"]
[Black "Zeldin, Leonid"]
[Result "1/2-1/2"]
[Termination "normal"]
[Board "8"]
[WhiteElo "1805"]
[BlackElo "1917"]
[PlyCount "64"]
[WhiteFideId "4699084"]
[BlackFideId "24636088"]
[EventCountry "GER"]
[EventRounds "9"]
[EventType "swiss"]
[EventDate "2005.05.15"]

1. e4 c5 2. c4 Nc6 3. Ne2 d6 4. d4 cxd4 5. Nxd4 Nf6 6. Nc3 g6 7. Be2 Bg7 8. Be3
O-O 9. O-O Bd7 10. Rc1 Rc8 11. b3 a6 12. f3 Qa5 13. Qd2 Nxd4 14. Bxd4 b5 15.
Be3 b4 16. Nb1 Rc7 17. Rc2 Be6 18. Rfc1 Nd7 19. Bd4 Bxd4+ 20. Qxd4 Qc5 21. Rd1
Qxd4+ 22. Rxd4 f5 23. exf5 Bxf5 24. Bd3 Nc5 25. Bxf5 Rxf5 26. Nd2 Re5 27. Ne4
Nxe4 28. Rxe4 Rxe4 29. fxe4 Kf7 30. Kf2 Ke6 31. Ke3 Ke5 32. a3 Rb7 1/2-1/2

[Event "DEM U14 2005"]
[Site "Willingen GER"]
[Date "2005.05.17"]
[Round "5"]
[White "Jacobi, Robin"]
[Black "Schubert, Sven"]
[Result "0-1"]
[Termination "normal"]
[Board "9"]
[WhiteElo "1622"]
[BlackElo "1788"]
[PlyCount "148"]
[WhiteFideId "24646962"]
[BlackFideId "24630551"]
[EventCountry "GER"]
[EventRounds "9"]
[EventType "swiss"]
[EventDate "2005.05.15"]

1. b4 e5 2. Bb2 Bxb4 3. Bxe5 Nf6 4. c4 O-O 5. e3 Nc6 6. Bb2 d5 7. cxd5 Nxd5 8.
Nf3 Bg4 9. Be2 Re8 10. O-O Qd7 11. Nd4 Bxe2 12. Nxe2 Re6 13. Nbc3 Nxc3 14. Nxc3
Rh6 15. d4 Bd6 16. f4 Qe7 17. Qf3 Re8 18. Rae1 Bb4 19. Re2 Bxc3 20. Bxc3 Qe4
21. d5 Nd8 22. Be5 Qxf3 23. Rxf3 c6 24. d6 Rhe6 25. Rd2 f6 26. d7 Rf8 27. Bd6
Rf7 28. Bc7 Rf8 29. Rd4 c5 30. Rd5 b6 31. e4 Rc6 32. Bxd8 Rxd8 33. e5 Kf7 34.
exf6 Rxf6 35. f5 Rc6 36. g4 Rc7 37. Rfd3 c4 38. Rd1 c3 39. Kf2 c2 40. Rc1 Ke7
41. Rd2 Rdxd7 42. Rxd7+ Rxd7 43. Rxc2 b5 44. Ke3 a5 45. h4 a4 46. a3 Rb7 47.
Kf4 b4 48. axb4 Rxb4+ 49. Kg5 Rb7 50. Ra2 Ra7 51. Ra3 Kf7 52. Kf4 Ra5 53. h5
Kf6 54. g5+ Ke7 55. Re3+ Kf8 56. Ra3 Kf7 57. h6 gxh6 58. gxh6 Kf6 59. Kg4 Ra7
60. Kf4 Ra6 61. Kg4 Ra5 62. Rc3 a3 63. Rc6+ Ke7 64. Rc7+ Kd6 65. Rc1 a2 66. Ra1
Ke7 67. Kg5 Kf7 68. Kf4 Kf6 69. Kg4 Ra4+ 70. Kh5 Kxf5 71. Rf1+ Ke4 72. Ra1 Ra5+
73. Kg4 Kd3 74. Rd1+ Kc2 0-1

[Event "DEM U14 2005"]
[Site "Willingen GER"]
[Date "2005.05.17"]
[Round "5"]
[White "Nuber, Blasius"]
[Black "Eibl, Maximilian"]
[Result "1/2-1/2"]
[Termination "normal"]
[Board "10"]
[WhiteElo "1996"]
[BlackElo "1843"]
[PlyCount "44"]
[WhiteFideId "24620289"]
[BlackFideId "24620092"]
[EventCountry "GER"]
[EventRounds "9"]
[EventType "swiss"]
[EventDate "2005.05.15"]

1. e4 c5 2. c3 d5 3. exd5 Qxd5 4. d4 Nf6 5. Nf3 e6 6. Be2 Nc6 7. O-O cxd4 8.
Nxd4 Nxd4 9. cxd4 Be7 10. Nc3 Qd8 11. Bf4 O-O 12. Bf3 Bd6 13. Be5 a6 14. Rc1
Bxe5 15. dxe5 Nd7 16. Qd4 Qa5 17. Rfe1 Rb8 18. a4 b5 19. b4 Qb6 20. Qxb6 Nxb6
21. axb5 axb5 22. Ne2 Bb7 1/2-1/2

[Event "DEM U14 2005"]
[Site "Willingen GER"]
[Date "2005.05.17"]
[Round "5"]
[White "Völsgen, Georg"]
[Black "Hirneise, Jens"]
[Result "1/2-1/2"]
[Termination "normal"]
[Board "11"]
[WhiteElo "1562"]
[BlackElo "1958"]
[PlyCount "82"]
[WhiteFideId "24635901"]
[BlackFideId "24614734"]
[EventCountry "GER"]
[EventRounds "9"]
[EventType "swiss"]
[EventDate "2005.05.15"]

1. e4 c5 2. Nc3 Nc6 3. f4 g6 4. Nf3 Bg7 5. Bb5 e6 6. O-O Nge7 7. d3 d5 8. e5
O-O 9. Bd2 Qb6 10. Bxc6 Qxc6 11. Be1 d4 12. Ne4 Nd5 13. Bd2 b6 14. Qe1 Qc7 15.
Qh4 f6 16. exf6 Nxf6 17. Nxf6+ Bxf6 18. Qg3 Bb7 19. Rae1 Bd5 20. b3 b5 21. Ne5
a5 22. c4 dxc3 23. Bxc3 a4 24. Rb1 axb3 25. axb3 Ra3 26. Qg4 Rxb3 27. Rxb3 Bxb3
28. Rb1 Bd5 29. Rxb5 c4 30. d4 Bxe5 31. fxe5 Qf7 32. Qe2 Qf5 33. Rb2 Be4 34.
Qf2 Qg5 35. Qd2 Qg4 36. h3 Qg3 37. Qe1 Qd3 38. Re2 Rb8 39. Re3 Qc2 40. Re2 Qd3
41. Re3 Qc2 1/2-1/2

[Event "DEM U14 2005"]
[Site "Willingen GER"]
[Date "2005.05.17"]
[Round "5"]
[White "Colpe, Malte"]
[Black "Bart, Simon"]
[Result "1-0"]
[Termination "normal"]
[Board "12"]
[WhiteElo "1962"]
[BlackElo "1474"]
[PlyCount "63"]
[WhiteFideId "24623075"]
[BlackFideId "24637327"]
[EventCountry "GER"]
[EventRounds "9"]
[EventType "swiss"]
[EventDate "2005.05.15"]

1. d4 d5 2. c4 e6 3. Nc3 Nf6 4. Bg5 Be7 5. e3 h6 6. Bh4 O-O 7. Qc2 Re8 8. Bd3
Nbd7 9. Nf3 b6 10. cxd5 exd5 11. O-O Nf8 12. h3 Ng6 13. Bxg6 fxg6 14. Qxg6 Ne4
15. Bxe7 Rxe7 16. Ne5 Bb7 17. Nxe4 dxe4 18. Nc6 Bxc6 19. Qxc6 Rc8 20. Rac1 Re8
21. Rc4 Qd6 22. Rfc1 Qxc6 23. Rxc6 Re7 24. d5 Rd7 25. d6 Kf8 26. Rxc7 Rdxc7 27.
Rxc7 Rd8 28. d7 Ke7 29. Rxa7 Rxd7 30. Rxd7+ Kxd7 31. Kh2 Kd6 32. Kg3 1-0

[Event "DEM U14 2005"]
[Site "Willingen GER"]
[Date "2005.05.17"]
[Round "5"]
[White "Brüggemann, Florian"]
[Black "Zahn, Benno"]
[Result "0-1"]
[Termination "normal"]
[Board "13"]
[WhiteElo "1626"]
[BlackElo "1677"]
[PlyCount "68"]
[WhiteFideId "24645567"]
[BlackFideId "24636070"]
[EventCountry "GER"]
[EventRounds "9"]
[EventType "swiss"]
[EventDate "2005.05.15"]

1. e4 c5 2. Nf3 d6 3. d4 cxd4 4. Nxd4 Nf6 5. Nc3 g6 6. Bc4 Bg7 7. f3 O-O 8. Be3
Nc6 9. Qd2 Bd7 10. Nde2 Rc8 11. O-O-O Na5 12. Bb3 Nxb3+ 13. axb3 b5 14. Kb1 b4
15. Nd5 Nxd5 16. exd5 a5 17. Bd4 Rb8 18. Bxg7 Kxg7 19. Qd4+ Kg8 20. h4 a4 21.
Nc1 Qa5 22. h5 Ra8 23. hxg6 fxg6 24. Rh6 axb3 25. Nxb3 Qa2+ 26. Kc1 Bf5 27.
Rdh1 Rfc8 28. Na1 Qxa1+ 29. Kd2 Rxc2+ 30. Ke3 Qxb2 31. Qxb2 Rxb2 32. Rxh7 Ra5
33. Rxe7 Rxd5 34. Rb7 g5 0-1

[Event "DEM U14 2005"]
[Site "Willingen GER"]
[Date "2005.05.17"]
[Round "5"]
[White "Fernschild, Daniel"]
[Black "Rath, Oliver"]
[Result "1/2-1/2"]
[Termination "normal"]
[Board "14"]
[WhiteElo "1581"]
[BlackElo "1717"]
[PlyCount "69"]
[WhiteFideId "4624513"]
[BlackFideId "24610380"]
[EventCountry "GER"]
[EventRounds "9"]
[EventType "swiss"]
[EventDate "2005.05.15"]

1. e4 c5 2. Nc3 e6 3. d3 Nc6 4. Be3 Nf6 5. Be2 Be7 6. Nf3 d5 7. exd5 exd5 8.
Bf4 a6 9. O-O O-O 10. Re1 Bg4 11. Ne5 Nxe5 12. Bxe5 Bxe2 13. Qxe2 Qd7 14. Qf3
Rad8 15. Re2 d4 16. Ne4 Nxe4 17. Rxe4 f5 18. Re2 Rde8 19. Rae1 Bf6 20. h3 Re6
21. Bxf6 Rxe2 22. Qxe2 Rxf6 23. Qe7 Qxe7 24. Rxe7 b6 25. f4 Kf8 26. Re5 Kf7 27.
g3 g6 28. h4 Re6 29. Rxe6 Kxe6 30. Kf2 Kd5 31. Ke2 c4 32. Kd2 cxd3 33. cxd3 Kc5
34. Ke2 Kb4 35. Kd2 1/2-1/2